000 00782nam a22001577a 4500
003 OSt
005 20151005091556.0
008 151005b xxu||||| |||| 00| 0 eng d
040 _cRUA
082 _aAVM EAN 2004 B074 Or.1
100 _92019
_aEANG, SAMPHUAS.
245 _aassessment of cultural saccharomyces cerevisiae and effects of fermented rices-bran in diet on performance of chickens ( ការវាយតំលៃមេល្បើង​saccharomyces cerevisiae ដោយដំណុះ និង​ ឥទ្ធិពលនៃការប្រើប្រាស់កន្ទក់ល្បើងទៅលើការលូតលាស់របស់មាន់សាច់)
260 _aPhnom Penh
_bRUA
_c2004
300 _avi, 41p.
_bill.
_c29cm.
942 _2ddc
_cAVM
999 _c1908
_d1908